Statistics for 50 Busiest Air Routes from Los Angeles

Click here to take the quiz!

General Stats

  • This quiz has been taken 39,563 times
  • The average score is 38 of 50

Answers on the Map

Answers color-coded by a green-red scale on the quiz's map according to % correct below.
 

Answer Stats

#City% Correct
1,686,666 London
98%
5,229,084 New York City
98%
534,657 Paris
98%
1,187,807 Tokyo
97%
976,152 Mexico City
95%
1,612,408 Miami
95%
880,833 Sydney
95%
3,908,558 Chicago
93%
10,888,473 San Francisco
93%
445,705 Beijing
92%
3,718,284 Seattle
92%
1,001,626 Seoul
92%
4,365,143 Dallas
89%
2,587,383 Houston
89%
1,799,304 Washington/Baltimore
89%
1,280,945 Boston
88%
4,334,224 Las Vegas
87%
2,196,452 Honolulu
86%
448,119 Melbourne
85%
589,500 Shanghai
85%
2,396,739 Atlanta
83%
809,815 Detroit
82%
579,130 Hong Kong
82%
791,560 Orlando
82%
700,103 San Diego
82%
3,350,436 Denver
81%
392,770 Frankfurt
81%
637,710 Toronto
81%
988,687 Vancouver
81%
4,335,858 Phoenix
80%
469,756 Auckland
78%
468,605 New Orleans
78%
860,340 Austin
77%
1,854,647 Portland
77%
940,555 Taipei
77%
634,658 Philadelphia
75%
1,406,051 Minneapolis
70%
2,145,886 Salt Lake City
69%
405,096 San Antonio
65%
2,685,331 Sacramento
64%
402,762 Brisbane
63%
391,421 Cancun
63%
422,343 Nashville
62%
703,878 Charlotte
57%
914,682 Guadalajara
48%
421,441 San Salvador
48%
941,774 Kahului
37%
514,056 San Jose del Cabo
31%
429,106 Lihue
19%
455,061 Kona
14%

Score Distribution

Percentile by Number Answered

Percent of People with Each Score

Your Score History

You have not taken this quiz